Countries Of North America North To South - Statistics

General Stats
  • This quiz has been taken 23 times
  • The average score is 17 of 23
Answer Stats
Country % Correct
Canada
100%
Mexico
100%
United States Of America
100%
Cuba
89%
The Bahamas
89%
Belize
79%
Dominican Republic
79%
Guatemala
79%
Haiti
79%
Jamaica
79%
Honduras
74%
St Kitts And Nevis
74%
Dominica
68%
Grenada
68%
St Lucia
68%
Antigua And Barbuda
63%
Costa Rica
63%
El Salvador
63%
Nicaragua
63%
Panama
63%
St Vincent And The Grenadines
63%
Barbados
58%
Trinidad And Tobago
58%
No matching quizzes found
Score Distribution
Percent of People with Each Score
Percentile by Number Answered
Your Score History
You have not taken this quiz